<?xml version="1.0" encoding="UTF-8"?>
<record
    xmlns:xsi="http://www.w3.org/2001/XMLSchema-instance"
    xsi:schemaLocation="http://www.loc.gov/MARC21/slim http://www.loc.gov/standards/marcxml/schema/MARC21slim.xsd"
    xmlns="http://www.loc.gov/MARC21/slim">

  <leader>00723nam a2200217Ia 4500</leader>
  <controlfield tag="005">20220318154230.0</controlfield>
  <controlfield tag="008">210716s2011    xx            000 0 und d</controlfield>
  <datafield tag="020" ind1=" " ind2=" ">
    <subfield code="a">9780071332651</subfield>
  </datafield>
  <datafield tag="040" ind1=" " ind2=" ">
    <subfield code="c">AIMIT LIBRARY</subfield>
  </datafield>
  <datafield tag="041" ind1=" " ind2=" ">
    <subfield code="a">eng</subfield>
  </datafield>
  <datafield tag="082" ind1=" " ind2=" ">
    <subfield code="a">658.575 </subfield>
    <subfield code="2">9</subfield>
    <subfield code="b">CRAM</subfield>
  </datafield>
  <datafield tag="100" ind1=" " ind2=" ">
    <subfield code="a">Crawford, Merle.</subfield>
    <subfield code="9">24217</subfield>
  </datafield>
  <datafield tag="245" ind1=" " ind2=" ">
    <subfield code="a">New products management /</subfield>
    <subfield code="c">By Merle Crawford and Anthony Di Benedetto.</subfield>
  </datafield>
  <datafield tag="250" ind1=" " ind2=" ">
    <subfield code="a">9th ed.</subfield>
  </datafield>
  <datafield tag="260" ind1=" " ind2=" ">
    <subfield code="a">New Delhi :</subfield>
    <subfield code="b">Tata McGraw Hill Education Private Limited ,</subfield>
    <subfield code="c">2011.</subfield>
  </datafield>
  <datafield tag="300" ind1=" " ind2=" ">
    <subfield code="a">Xviii, 558p. ;</subfield>
    <subfield code="c">24 cm.</subfield>
  </datafield>
  <datafield tag="650" ind1=" " ind2=" ">
    <subfield code="a">Statergic planning for new products</subfield>
    <subfield code="9">24218</subfield>
  </datafield>
  <datafield tag="650" ind1=" " ind2=" ">
    <subfield code="a">Development team management</subfield>
    <subfield code="9">24219</subfield>
  </datafield>
  <datafield tag="700" ind1=" " ind2=" ">
    <subfield code="a">Benedetto, Anthony Di.</subfield>
    <subfield code="9">24220</subfield>
  </datafield>
  <datafield tag="942" ind1=" " ind2=" ">
    <subfield code="2">ddc</subfield>
    <subfield code="c">BK</subfield>
    <subfield code="e">9th</subfield>
    <subfield code="k">658.575 CRAM</subfield>
  </datafield>
  <datafield tag="999" ind1=" " ind2=" ">
    <subfield code="c">207820</subfield>
    <subfield code="d">207820</subfield>
  </datafield>
  <datafield tag="952" ind1=" " ind2=" ">
    <subfield code="0">0</subfield>
    <subfield code="1">0</subfield>
    <subfield code="2">ddc</subfield>
    <subfield code="4">0</subfield>
    <subfield code="7">0</subfield>
    <subfield code="8">MBA</subfield>
    <subfield code="a">AIMIT</subfield>
    <subfield code="b">AIMIT</subfield>
    <subfield code="d">2011-10-11</subfield>
    <subfield code="g">550.00</subfield>
    <subfield code="i">Bill no:1066; Bill dt:2011-09-20</subfield>
    <subfield code="l">0</subfield>
    <subfield code="o">658.575 CRAM</subfield>
    <subfield code="p">MBA09358</subfield>
    <subfield code="r">2026-05-23 00:00:00</subfield>
    <subfield code="v">412.50</subfield>
    <subfield code="w">2021-07-16</subfield>
    <subfield code="y">BK</subfield>
  </datafield>
  <datafield tag="952" ind1=" " ind2=" ">
    <subfield code="0">0</subfield>
    <subfield code="1">0</subfield>
    <subfield code="2">ddc</subfield>
    <subfield code="4">0</subfield>
    <subfield code="7">0</subfield>
    <subfield code="8">MBA</subfield>
    <subfield code="a">AIMIT</subfield>
    <subfield code="b">AIMIT</subfield>
    <subfield code="d">2013-01-23</subfield>
    <subfield code="g">550.00</subfield>
    <subfield code="i">Bill no:1127; Bill dt:2013-01-22</subfield>
    <subfield code="l">0</subfield>
    <subfield code="o">658.575 CRAM</subfield>
    <subfield code="p">MBA10386</subfield>
    <subfield code="r">2026-05-23 00:00:00</subfield>
    <subfield code="v">412.50</subfield>
    <subfield code="w">2021-07-16</subfield>
    <subfield code="y">BK</subfield>
  </datafield>
  <datafield tag="952" ind1=" " ind2=" ">
    <subfield code="0">0</subfield>
    <subfield code="1">0</subfield>
    <subfield code="2">ddc</subfield>
    <subfield code="4">0</subfield>
    <subfield code="7">0</subfield>
    <subfield code="8">MBA</subfield>
    <subfield code="a">AIMIT</subfield>
    <subfield code="b">AIMIT</subfield>
    <subfield code="d">2013-02-01</subfield>
    <subfield code="g">605.00</subfield>
    <subfield code="i">Bill no:229; Bill dt:2013-01-31</subfield>
    <subfield code="l">0</subfield>
    <subfield code="o">658.575 CRAM</subfield>
    <subfield code="p">MBA10412</subfield>
    <subfield code="r">2026-05-23 00:00:00</subfield>
    <subfield code="v">453.75</subfield>
    <subfield code="w">2021-07-16</subfield>
    <subfield code="y">BK</subfield>
  </datafield>
  <datafield tag="952" ind1=" " ind2=" ">
    <subfield code="0">0</subfield>
    <subfield code="1">0</subfield>
    <subfield code="2">ddc</subfield>
    <subfield code="4">0</subfield>
    <subfield code="7">0</subfield>
    <subfield code="8">MBA</subfield>
    <subfield code="a">AIMIT</subfield>
    <subfield code="b">AIMIT</subfield>
    <subfield code="d">2013-02-01</subfield>
    <subfield code="g">605.00</subfield>
    <subfield code="i">Bill no:229; Bill dt:2013-01-31</subfield>
    <subfield code="l">0</subfield>
    <subfield code="o">658.575 CRAM</subfield>
    <subfield code="p">MBA10413</subfield>
    <subfield code="r">2026-05-23 00:00:00</subfield>
    <subfield code="v">453.75</subfield>
    <subfield code="w">2021-07-16</subfield>
    <subfield code="y">BK</subfield>
  </datafield>
  <datafield tag="952" ind1=" " ind2=" ">
    <subfield code="0">0</subfield>
    <subfield code="1">0</subfield>
    <subfield code="2">ddc</subfield>
    <subfield code="4">0</subfield>
    <subfield code="7">0</subfield>
    <subfield code="8">MBA</subfield>
    <subfield code="a">AIMIT</subfield>
    <subfield code="b">AIMIT</subfield>
    <subfield code="d">2013-02-01</subfield>
    <subfield code="g">605.00</subfield>
    <subfield code="i">Bill no:229; Bill dt:2013-01-31</subfield>
    <subfield code="l">0</subfield>
    <subfield code="o">658.575 CRAM</subfield>
    <subfield code="p">MBA10414</subfield>
    <subfield code="r">2026-05-23 00:00:00</subfield>
    <subfield code="v">453.75</subfield>
    <subfield code="w">2021-07-16</subfield>
    <subfield code="y">BK</subfield>
  </datafield>
  <datafield tag="952" ind1=" " ind2=" ">
    <subfield code="0">0</subfield>
    <subfield code="1">0</subfield>
    <subfield code="2">ddc</subfield>
    <subfield code="4">0</subfield>
    <subfield code="7">0</subfield>
    <subfield code="8">MBA</subfield>
    <subfield code="a">AIMIT</subfield>
    <subfield code="b">AIMIT</subfield>
    <subfield code="d">2013-02-01</subfield>
    <subfield code="g">605.00</subfield>
    <subfield code="i">Bill no:229; Bill dt:2013-01-31</subfield>
    <subfield code="l">0</subfield>
    <subfield code="o">658.575 CRAM</subfield>
    <subfield code="p">MBA10415</subfield>
    <subfield code="r">2026-05-23 00:00:00</subfield>
    <subfield code="v">453.75</subfield>
    <subfield code="w">2021-07-16</subfield>
    <subfield code="y">BK</subfield>
  </datafield>
  <datafield tag="952" ind1=" " ind2=" ">
    <subfield code="0">0</subfield>
    <subfield code="1">0</subfield>
    <subfield code="2">ddc</subfield>
    <subfield code="4">0</subfield>
    <subfield code="7">0</subfield>
    <subfield code="8">MBA</subfield>
    <subfield code="a">AIMIT</subfield>
    <subfield code="b">AIMIT</subfield>
    <subfield code="d">2013-02-01</subfield>
    <subfield code="g">605.00</subfield>
    <subfield code="i">Bill no:229; Bill dt:2013-01-31</subfield>
    <subfield code="l">0</subfield>
    <subfield code="o">658.575 CRAM</subfield>
    <subfield code="p">MBA10416</subfield>
    <subfield code="r">2026-05-23 00:00:00</subfield>
    <subfield code="v">453.75</subfield>
    <subfield code="w">2021-07-16</subfield>
    <subfield code="y">BK</subfield>
  </datafield>
  <datafield tag="952" ind1=" " ind2=" ">
    <subfield code="0">0</subfield>
    <subfield code="1">0</subfield>
    <subfield code="2">ddc</subfield>
    <subfield code="4">0</subfield>
    <subfield code="7">0</subfield>
    <subfield code="8">MBA</subfield>
    <subfield code="a">AIMIT</subfield>
    <subfield code="b">AIMIT</subfield>
    <subfield code="d">2014-01-24</subfield>
    <subfield code="g">720.00</subfield>
    <subfield code="i">Bill no:1223; Bill dt:2014-01-16</subfield>
    <subfield code="l">0</subfield>
    <subfield code="o">658.575 CRAM</subfield>
    <subfield code="p">MBA10942</subfield>
    <subfield code="r">2026-05-23 00:00:00</subfield>
    <subfield code="v">540.00</subfield>
    <subfield code="w">2021-07-16</subfield>
    <subfield code="y">BK</subfield>
  </datafield>
  <datafield tag="952" ind1=" " ind2=" ">
    <subfield code="0">0</subfield>
    <subfield code="1">0</subfield>
    <subfield code="2">ddc</subfield>
    <subfield code="4">0</subfield>
    <subfield code="7">3</subfield>
    <subfield code="8">MBA</subfield>
    <subfield code="a">AIMIT</subfield>
    <subfield code="b">AIMIT</subfield>
    <subfield code="d">2014-01-24</subfield>
    <subfield code="g">720.00</subfield>
    <subfield code="i">Bill no:1223; Bill dt:2014-01-16</subfield>
    <subfield code="l">0</subfield>
    <subfield code="o">658.575 CRAM</subfield>
    <subfield code="p">MBA10943</subfield>
    <subfield code="r">2025-07-21 00:00:00</subfield>
    <subfield code="v">540.00</subfield>
    <subfield code="w">2021-07-16</subfield>
    <subfield code="y">BK</subfield>
  </datafield>
  <datafield tag="952" ind1=" " ind2=" ">
    <subfield code="0">0</subfield>
    <subfield code="1">0</subfield>
    <subfield code="2">ddc</subfield>
    <subfield code="4">0</subfield>
    <subfield code="7">0</subfield>
    <subfield code="8">MBA</subfield>
    <subfield code="a">AIMIT</subfield>
    <subfield code="b">AIMIT</subfield>
    <subfield code="d">2014-01-24</subfield>
    <subfield code="g">720.00</subfield>
    <subfield code="i">Bill no:1223; Bill dt:2014-01-16</subfield>
    <subfield code="l">0</subfield>
    <subfield code="o">658.575 CRAM</subfield>
    <subfield code="p">MBA10944</subfield>
    <subfield code="r">2026-05-23 00:00:00</subfield>
    <subfield code="v">540.00</subfield>
    <subfield code="w">2021-07-16</subfield>
    <subfield code="y">BK</subfield>
  </datafield>
  <datafield tag="952" ind1=" " ind2=" ">
    <subfield code="0">0</subfield>
    <subfield code="1">0</subfield>
    <subfield code="2">ddc</subfield>
    <subfield code="4">0</subfield>
    <subfield code="7">0</subfield>
    <subfield code="8">MBA</subfield>
    <subfield code="a">AIMIT</subfield>
    <subfield code="b">AIMIT</subfield>
    <subfield code="d">2014-01-24</subfield>
    <subfield code="g">720.00</subfield>
    <subfield code="i">Bill no:1223; Bill dt:2014-01-16</subfield>
    <subfield code="l">0</subfield>
    <subfield code="o">658.575 CRAM</subfield>
    <subfield code="p">MBA10945</subfield>
    <subfield code="r">2026-05-23 00:00:00</subfield>
    <subfield code="v">540.00</subfield>
    <subfield code="w">2021-07-16</subfield>
    <subfield code="y">BK</subfield>
  </datafield>
  <datafield tag="952" ind1=" " ind2=" ">
    <subfield code="0">0</subfield>
    <subfield code="1">0</subfield>
    <subfield code="2">ddc</subfield>
    <subfield code="4">0</subfield>
    <subfield code="7">0</subfield>
    <subfield code="8">MBA</subfield>
    <subfield code="a">AIMIT</subfield>
    <subfield code="b">AIMIT</subfield>
    <subfield code="d">2014-01-24</subfield>
    <subfield code="g">720.00</subfield>
    <subfield code="i">Bill no:1223; Bill dt:2014-01-16</subfield>
    <subfield code="l">0</subfield>
    <subfield code="o">658.575 CRAM</subfield>
    <subfield code="p">MBA10946</subfield>
    <subfield code="r">2026-05-23 00:00:00</subfield>
    <subfield code="v">540.00</subfield>
    <subfield code="w">2021-07-16</subfield>
    <subfield code="y">BK</subfield>
  </datafield>
  <datafield tag="952" ind1=" " ind2=" ">
    <subfield code="0">0</subfield>
    <subfield code="1">0</subfield>
    <subfield code="2">ddc</subfield>
    <subfield code="4">0</subfield>
    <subfield code="7">0</subfield>
    <subfield code="8">MBA</subfield>
    <subfield code="a">AIMIT</subfield>
    <subfield code="b">AIMIT</subfield>
    <subfield code="d">2014-01-24</subfield>
    <subfield code="g">720.00</subfield>
    <subfield code="i">Bill no:1223; Bill dt:2014-01-16</subfield>
    <subfield code="l">0</subfield>
    <subfield code="o">658.575 CRAM</subfield>
    <subfield code="p">MBA10947</subfield>
    <subfield code="r">2026-05-23 00:00:00</subfield>
    <subfield code="v">540.00</subfield>
    <subfield code="w">2021-07-16</subfield>
    <subfield code="y">BK</subfield>
  </datafield>
  <datafield tag="952" ind1=" " ind2=" ">
    <subfield code="0">0</subfield>
    <subfield code="1">0</subfield>
    <subfield code="2">ddc</subfield>
    <subfield code="4">0</subfield>
    <subfield code="7">0</subfield>
    <subfield code="8">MBA</subfield>
    <subfield code="a">AIMIT</subfield>
    <subfield code="b">AIMIT</subfield>
    <subfield code="d">2014-01-24</subfield>
    <subfield code="g">720.00</subfield>
    <subfield code="i">Bill no:1223; Bill dt:2014-01-16</subfield>
    <subfield code="l">0</subfield>
    <subfield code="o">658.575 CRAM</subfield>
    <subfield code="p">MBA10948</subfield>
    <subfield code="r">2026-05-23 00:00:00</subfield>
    <subfield code="v">540.00</subfield>
    <subfield code="w">2021-07-16</subfield>
    <subfield code="y">BK</subfield>
  </datafield>
  <datafield tag="952" ind1=" " ind2=" ">
    <subfield code="0">0</subfield>
    <subfield code="1">0</subfield>
    <subfield code="2">ddc</subfield>
    <subfield code="4">0</subfield>
    <subfield code="7">0</subfield>
    <subfield code="8">MBA</subfield>
    <subfield code="a">AIMIT</subfield>
    <subfield code="b">AIMIT</subfield>
    <subfield code="d">2014-01-24</subfield>
    <subfield code="g">720.00</subfield>
    <subfield code="i">Bill no:1223; Bill dt:2014-01-16</subfield>
    <subfield code="l">0</subfield>
    <subfield code="o">658.575 CRAM</subfield>
    <subfield code="p">MBA10949</subfield>
    <subfield code="r">2026-05-23 00:00:00</subfield>
    <subfield code="v">540.00</subfield>
    <subfield code="w">2021-07-16</subfield>
    <subfield code="y">BK</subfield>
  </datafield>
  <datafield tag="952" ind1=" " ind2=" ">
    <subfield code="0">0</subfield>
    <subfield code="1">0</subfield>
    <subfield code="2">ddc</subfield>
    <subfield code="4">0</subfield>
    <subfield code="7">0</subfield>
    <subfield code="8">MBA</subfield>
    <subfield code="a">AIMIT</subfield>
    <subfield code="b">AIMIT</subfield>
    <subfield code="d">2014-01-24</subfield>
    <subfield code="g">720.00</subfield>
    <subfield code="i">Bill no:1223; Bill dt:2014-01-16</subfield>
    <subfield code="l">0</subfield>
    <subfield code="o">658.575 CRAM</subfield>
    <subfield code="p">MBA10950</subfield>
    <subfield code="r">2026-05-23 00:00:00</subfield>
    <subfield code="v">540.00</subfield>
    <subfield code="w">2021-07-16</subfield>
    <subfield code="y">BK</subfield>
  </datafield>
</record>
